000 00967cam a2200229 i 4500
001 78832
003 BD-RjUL
005 20250527095129.0
008 870317s1957 le b 001 0 ara
035 _a(BD-RjUL)79059
040 _aPrinceton Univ. Libr.
_beng
_erda
_cCUY
_dOCLCQ
_dOCLCG
_dOCLCA
_dOCLCF
_dOCLCQ
_dOCLCO
_dUkOxU
041 _aara
082 _223
_a297.09
_bBAF 1952
100 1 _aبلاذري ، ابي الحسن ;; Baladhri, Abi Al-Hassan.
_d-892,
_eauthor.
_9249181
245 1 0 _aفتوح البلدان ;; Futūḥ al-buldān /
_cتصنيف أبي الحسن البلاذري ;; taṣnīf Abī al-ʻHasan Aḥmad al-Balādhurī,
264 1 _aالقاهرة : .
_bالمكتبه التجارية الكبرى،
_c 1932 1350
300 _a460 pages ;
_c22 cm
504 _aIncludes index and bibliographical references.
651 0 _aIslamic Empire
_xHistory.
_9250238
651 7 _aIslamic Empire.
_2fast
_0(OCoLC)fst01244134
_9250239
942 _2ddc
_cBK
999 _c78832
_d78832